[Event "36th Reykjavik op"]
[Site "Reykjavik ISL"]
[Date "2023.04.03"]
[Round "8.111"]
[White "Langlois-Remillard, Alexis"]
[Black "Andersson, Christer"]
[WhiteElo "2001"]
[BlackElo "1659"]
[Result "1-0"]
[EventDate "2023.03.29"]
[PlyCount "47"]

1. b3 Nf6 2. Bb2 e6 3. e3 d5 4. f4 c6 5. Nf3 b6 6. Be2 Bd6 7. O-O Bb7 8. h3 Qe7 9.
Qe1 Nbd7 10. Ne5 O-O-O 11. a4 Ne8 12. a5 b5 13. c4 a6 14. cxb5 cxb5 15. Qc1+ Nc7
16. Bxb5 Bxe5 17. Bxd7+ Rxd7 18. fxe5 d4 19. Bxd4 Qg5 20. Rf2 Kb8 21. Na3 Rhd8 22.
Bb6 Qxe5 23. Nc4 Qe4 24. Nd6  1-0

[Event "36th Reykjavik op"]
[Site "Reykjavik ISL"]
[Date "2023.04.03"]
[Round "8.112"]
[White "Thorsteinsdottir, Hallgerdur"]
[Black "Hauksson, Helgi"]
[WhiteElo "1978"]
[BlackElo "1637"]
[Result "1-0"]
[EventDate "2023.03.29"]
[PlyCount "73"]

1. e4 c6 2. d4 d5 3. exd5 cxd5 4. Bd3 Nf6 5. h3 e6 6. Nf3 Be7 7. c3 b6 8. O-O Bb7
9. Re1 Nc6 10. Bg5 Qc7 11. Nbd2 h6 12. Bh4 O-O-O 13. Bg3 Bd6 14. Bxd6 Qxd6 15. Ne5
Qc7 16. a4 Nxe5 17. dxe5 Ne4 18. Nf3 Kb8 19. Nd4 a6 20. Qe2 Nc5 21. Bc2 Ne4 22. Ra3
Rc8 23. f3 Ng3 24. Qf2 Nh5 25. a5 Nf4 26. axb6 Qxb6 27. Rb3 Qc5 28. Ra1 Kc7 29. Qe3
g5 30. g3 Rhg8 31. Kh2 Kb8 32. gxf4 gxf4 33. Qxf4 Rg7 34. Rg1 Rcg8 35. Rxg7 Rxg7
36. Qf6 Qf8 37. Nxe6  1-0

[Event "36th Reykjavik op"]
[Site "Reykjavik ISL"]
[Date "2023.04.03"]
[Round "8.113"]
[White "Helgadottir, Idunn"]
[Black "Fuchs, Elmar"]
[WhiteElo "1636"]
[BlackElo "1973"]
[Result "0-1"]
[EventDate "2023.03.29"]
[PlyCount "102"]

1. d4 Nf6 2. Nf3 d6 3. c4 Nbd7 4. Nc3 c6 5. e4 e5 6. Be2 Qc7 7. O-O Be7 8. d5 O-O
9. h3 a6 10. Be3 c5 11. a3 Ne8 12. b4 b6 13. Qd2 g6 14. Bh6 Ng7 15. Ng5 Bxg5 16.
Qxg5 Qd8 17. Qxd8 Rxd8 18. f4 Re8 19. Rf2 exf4 20. Rxf4 Ra7 21. b5 Ne5 22. Raf1 f5
23. a4 a5 24. Kh2 Nf7 25. Bxg7 Kxg7 26. Bd3 g5 27. R4f2 f4 28. Re1 Ne5 29. Bf1 Rf7
30. Kh1 Ref8 31. Nb1 h5 32. Be2 g4 33. Nd2 Kg6 34. h4 Rf6 35. g3 fxg3 36. Rxf6+ Rxf6
37. Kg2 Kf7 38. Rf1 Rxf1 39. Nxf1 Ng6 40. Kxg3 Kf6 41. Ne3 Ke5 42. Nxg4+ Bxg4 43.
Bxg4 hxg4 44. h5 Nh8 45. Kxg4 Kxe4 46. Kg5 Ke5 47. Kh6 Kf6 48. Kh7 Nf7 49. h6 Ke5
50. Kg7 Nxh6 51. Kf8 Nf5  0-1

[Event "36th Reykjavik op"]
[Site "Reykjavik ISL"]
[Date "2023.04.03"]
[Round "8.114"]
[White "Grigoriev, Dmitriy"]
[Black "Lien, Sebastian"]
[WhiteElo "1969"]
[BlackElo "1618"]
[Result "1/2-1/2"]
[EventDate "2023.03.29"]
[PlyCount "96"]

1. e4 b6 2. d4 Bb7 3. Bd3 e6 4. Nc3 Nc6 5. Nf3 Nb4 6. Bb5 a6 7. Ba4 b5 8. Bb3 d5
9. exd5 Nxd5 10. Nxd5 Bxd5 11. Bxd5 Qxd5 12. a4 Nf6 13. axb5 axb5 14. Rxa8+ Qxa8
15. O-O Be7 16. Qd3 Qb7 17. Be3 O-O 18. Ra1 Nd5 19. Nd2 Rc8 20. Nb3 Nb4 21. Qe2 Qe4
22. Rc1 Na2 23. Rd1 Nb4 24. c3 Nd5 25. Re1 Nxe3 26. fxe3 Bd6 27. Nd2 Qc2 28. Nf3
Qb3 29. Rf1 f6 30. Rf2 Ra8 31. g3 Ra2 32. e4 Ba3 33. Nd2 Qxb2 34. Qh5 Qc1+ 35. Nf1
Rxf2 36. Qe8+ Bf8 37. Qxe6+ Kh8 38. Kxf2 Qxc3 39. d5 Qc2+ 40. Kf3 Qd1+ 41. Kf2 Bc5+
42. Ne3 Qd2+ 43. Kf1 Qd3+ 44. Kg2 Qe2+ 45. Kh3 Qh5+ 46. Kg2 Qe2+ 47. Kh3 Qh5+ 48.
Kg2 Qe2+  1/2-1/2

[Event "36th Reykjavik op"]
[Site "Reykjavik ISL"]
[Date "2023.04.03"]
[Round "8.120"]
[White "Saemundsson, Bjarni"]
[Black "Ricken, Katharina"]
[WhiteElo "1826"]
[BlackElo "2205"]
[Result "0-1"]
[EventDate "2023.03.29"]
[PlyCount "122"]

1. d4 d5 2. e3 Nf6 3. Bd3 e6 4. Nd2 c5 5. c3 Nc6 6. f4 Bd6 7. Ngf3 cxd4 8. cxd4 Bd7
9. a3 Qb6 10. O-O Rc8 11. Kh1 Ne7 12. Ne5 Bb5 13. Qe2 Bxd3 14. Qxd3 Bb8 15. b4 O-O
16. Ndf3 Qc7 17. Bd2 Qc2 18. Qxc2 Rxc2 19. Rfc1 Rfc8 20. Rxc2 Rxc2 21. Rc1 Rxc1+
22. Bxc1 Ne4 23. Nd7 Bc7 24. Nc5 Nd6 25. Kg1 b6 26. Nd3 f6 27. Nd2 Nef5 28. Kf2 Nc4
29. Nxc4 dxc4 30. Nb2 Nd6 31. Kf3 f5 32. Nd1 Ne4 33. Bb2 Kf7 34. Nc3 Nxc3 35. Bxc3
Ke7 36. e4 Kd7 37. h3 h6 38. g4 g6 39. h4 h5 40. g5 a5 41. e5 Kc6 42. Ke2 Bd8 43.
a4 Kd5 44. Ke3 Bc7 45. bxa5 bxa5 46. Bd2 Bb6 47. Bc3 Bd8 48. Bd2 Kc6 49. Bc3 Bb6
50. Bd2 Bc7 51. Bc3 Bd8 52. Bd2 Kb6 53. Bc3 Be7 54. d5 Bc5+ 55. Ke2 exd5 56. e6 Kc6
57. Be5 d4 58. Bf6 d3+ 59. Kd2 Bb4+ 60. Kd1 c3 61. Be5 c2+  0-1

[Event "36th Reykjavik op"]
[Site "Reykjavik ISL"]
[Date "2023.04.03"]
[Round "8.121"]
[White "Jonsson, Olafur Gisli"]
[Black "Kather, Yannick"]
[WhiteElo "1817"]
[BlackElo "2137"]
[Result "0-1"]
[EventDate "2023.03.29"]
[PlyCount "58"]

1. d4 Nf6 2. c4 g6 3. Nc3 d5 4. h4 c5 5. cxd5 Nxd5 6. Na4 c4 7. e4 Nb4 8. d5 b5 9.
a3 N4a6 10. Nc3 Bg7 11. Be3 Nd7 12. h5 Qa5 13. Bd4 Ne5 14. Ke2 O-O 15. f4 Nd3 16.
Bxg7 Kxg7 17. h6+ Kg8 18. f5 Qb6 19. Nh3 Nac5 20. g4 a5 21. Rb1 b4 22. Na4 Nxa4 23.
Qxa4 Qd4 24. Bg2 Nxb2 25. Qc2 c3 26. Nf4 Ba6+ 27. Kf3 Nc4 28. Kg3 Qe3+ 29. Bf3 Nd2
 0-1

[Event "36th Reykjavik op"]
[Site "Reykjavik ISL"]
[Date "2023.04.03"]
[Round "8.122"]
[White "Scoccianti, Raffaele"]
[Black "Johansson, Jukka"]
[WhiteElo "1796"]
[BlackElo "2106"]
[Result "0-1"]
[EventDate "2023.03.29"]
[PlyCount "52"]

1. d4 Nf6 2. Bf4 g6 3. e3 Bg7 4. Nf3 O-O 5. h3 d6 6. Be2 Nbd7 7. Nbd2 Re8 8. O-O
c5 9. c3 b6 10. Re1 (10. Rc1 Bb7 11. Bb5 a6 12. Bxd7 Nxd7 13. a4 Qc7 14. Bh2 h6 15.
b4 e5 16. bxc5 bxc5 17. Kh1 Rac8 18. Qb3 Qc6 19. Rb1) 10... Bb7 11. Bb5 a6 12. Bxd7
Nxd7 13. a4 Qc7 14. Bh2 h6 15. b4 e5 16. bxc5 bxc5 17. Kh1 Rac8 18. Qb3 Qc6 19. Rab1
Ba8 20. a5 exd4 21. cxd4 cxd4 22. Rec1 Qxc1+ 23. Rxc1 Rxc1+ 24. Ng1 Nc5 25. Qa3 Rc3
26. Qb4 Nd3  0-1

[Event "36th Reykjavik op"]
[Site "Reykjavik ISL"]
[Date "2023.04.03"]
[Round "8.123"]
[White "Hauksdottir, Hrund"]
[Black "Vemparala, Nikash"]
[WhiteElo "1775"]
[BlackElo "2100"]
[Result "0-1"]
[EventDate "2023.03.29"]
[PlyCount "36"]

1. e4 e5 2. Nf3 Nc6 3. Bc4 Bc5 4. O-O Nf6 5. d3 O-O 6. c3 d5 7. exd5 Nxd5 8. b4 Bb6
9. b5 Na5 10. Nxe5 Be6 11. Bb2 Qg5 12. Nf3 Qh5 13. Nbd2 Nf4 14. g3 Nxc4 15. dxc4
Bh3 16. Ba3 Bxf1 17. Bxf8 Be2 18. Qe1 Bxf2+  0-1

[Event "36th Reykjavik op"]
[Site "Reykjavik ISL"]
[Date "2023.04.03"]
[Round "8.124"]
[White "Attinger, Roman"]
[Black "Bartelt, Max Peter"]
[WhiteElo "1768"]
[BlackElo "2031"]
[Result "1-0"]
[EventDate "2023.03.29"]
[PlyCount "57"]

1. d4 d5 2. Nc3 Nf6 3. Bf4 c5 4. e3 Nc6 5. Nb5 Bf5 6. Nc7+ Kd7 7. Nxa8 Qxa8 8. Nf3
e6 9. c3 c4 10. Be2 Be7 11. Ne5+ Nxe5 12. dxe5 Ne4 13. Bxc4 b6 14. f3 Nc5 15. e4
Kc8 16. exd5 g5 17. Bg3 g4 18. b4 Nd7 19. d6 Bg5 20. O-O h5 21. f4 Bd8 22. Bd3 h4
23. Bxf5 hxg3 24. Bxg4 b5 25. h3 Bb6+ 26. Kh1 Qe4 27. Qf3 Qg6 28. Qxg3 f5 29. exf6
 1-0

[Event "36th Reykjavik op"]
[Site "Reykjavik ISL"]
[Date "2023.04.03"]
[Round "8.125"]
[White "Brunier, Jules"]
[Black "Patel, Zain"]
[WhiteElo "2015"]
[BlackElo "1833"]
[Result "1-0"]
[EventDate "2023.03.29"]
[PlyCount "101"]

1. e4 c6 2. d4 d5 3. Nc3 dxe4 4. Nxe4 Nf6 5. Nxf6+ exf6 6. Nf3 Bd6 7. Bd3 O-O 8.
Be3 Bg4 9. Qd2 Na6 10. h3 Be6 11. Bxa6 bxa6 12. O-O Rb8 13. b3 Re8 14. Bf4 Bd5 15.
Rfe1 Qd7 16. Bxd6 Qxd6 17. Re3 Rxe3 18. Qxe3 Bxf3 19. gxf3 Qd7 20. Re1 h6 21. Kg2
Qf5 22. Re2 Qg6+ 23. Kh2 Qh5 24. c4 Rd8 25. Qf4 Qg6 26. Re4 f5 27. Re5 Qd6 28. Rxf5
Qxd4 29. Qxd4 Rxd4 30. Ra5 Rd7 31. Rxa6 Rc7 32. Kg3 Kf8 33. Kf4 Ke7 34. Ke5 g6 35.
f4 f6+ 36. Kd4 h5 37. Kc5 Kd7 38. b4 g5 39. f5 Ke7 40. Rxc6 Rd7 41. Re6+ Kf7 42.
Rd6 Rc7+ 43. Kd4 h4 44. f3 Re7 45. c5 Re2 46. Rd7+ Ke8 47. Rxa7 Rh2 48. Kd5 Rxh3
49. Ke6 Kd8 50. Kxf6 Rg3 51. Rh7  1-0

[Event "36th Reykjavik op"]
[Site "Reykjavik ISL"]
[Date "2023.04.03"]
[Round "8.127"]
[White "Eliasson, Kristjan Oern"]
[Black "Kalla, Christian"]
[WhiteElo "1737"]
[BlackElo "1994"]
[Result "0-1"]
[EventDate "2023.03.29"]
[PlyCount "110"]

1. e4 c5 2. Nf3 Nc6 3. d4 cxd4 4. Nxd4 Nf6 5. Nc3 e5 6. Nxc6 bxc6 7. Bc4 Bb4 8. Bd3
d5 9. exd5 cxd5 10. O-O O-O 11. Bg5 Bxc3 12. bxc3 Qd6 13. h3 Rb8 14. Re1 Re8 15.
Be3 a5 16. Qd2 Ba6 17. c4 d4 18. Bg5 Rbc8 19. c3 Bxc4 20. Bxc4 Rxc4 21. cxd4 Rxd4
22. Qxa5 h6 23. Be3 Rd5 24. Qa4 Rb8 25. Rac1 Rb2 26. a3 Rd3 27. Bc5 Qd5 28. Qc4 Nd7
29. Bb4 Nb6 30. Qe4 Rd4 31. Qxe5 Qxe5 32. Rxe5 Rd5 33. Re4 Ra2 34. Rc6 Rd1+ 35. Kh2
Nd5 36. Rc8+ Kh7 37. Bf8 Rxf2 38. Rg4 g5 39. Rc6 f6 40. Rd6 h5 41. Rd7+ Kg6 42. Rg3
Rff1 43. Rg7+ Kf5 44. Rf3+ Rxf3 45. gxf3 Rd2+ 46. Kg1 Kf4 47. h4 Kxf3 48. hxg5 Rg2+
49. Kh1 fxg5 50. Bd6 Rg4 51. a4 Rh4+ 52. Kg1 Rg4+ 53. Kh1 Kf2 54. a5 Nf4 55. Bxf4
Rxf4  0-1

[Event "36th Reykjavik op"]
[Site "Reykjavik ISL"]
[Date "2023.04.03"]
[Round "8.128"]
[White "Bjarnason, Snorri Vikanes"]
[Black "Hausken, Andreas Skrede"]
[WhiteElo "1676"]
[BlackElo "1987"]
[Result "1/2-1/2"]
[EventDate "2023.03.29"]
[PlyCount "135"]

1. c4 c5 2. Nf3 Nc6 3. d4 cxd4 4. Nxd4 Nf6 5. g3 e6 6. Bg2 Bb4+ 7. Bd2 Qb6 8. Nb3
Ne5 9. c5 Bxc5 10. Nxc5 Qxc5 11. Qb3 d5 12. Na3 Nc6 13. Rc1 Qe7 14. Be3 Nd7 15. O-O
a6 16. h4 O-O 17. h5 h6 18. Qa4 Qb4 19. Qc2 Nd4 20. Qd3 Nf5 21. Bd2 Qxb2 22. e4 dxe4
23. Bxe4 Ne5 24. Qc3 Qxc3 25. Bxc3 Nc6 26. Rfd1 Nfe7 27. Nc4 Nd5 28. Bxd5 exd5 29.
Nb6 Rb8 30. Nxd5 Bg4 31. Re1 Bxh5 32. Nf4 Bg4 33. Kg2 Rfe8 34. f3 Be6 35. a4 a5 36.
Rb1 b6 37. Rb5 Bd7 38. Reb1 Nb4 39. Rh5 Bxa4 40. Bxb4 axb4 41. Rxb4 b5 42. Nd5 Re2+
43. Kh3 Rd2 44. Nc3 Bc2 45. Rhxb5 Rc8 46. Rb8 Rxb8 47. Rxb8+ Kh7 48. Ne4 Re2 49.
Nd6 Re3 50. f4 f5 51. Rb5 Bd3 52. Rd5 Kg6 53. Rc5 Re6 54. Nc4 Bxc4 55. Rxc4 Kf6 56.
Rc3 g5 57. fxg5+ Kxg5 58. Rb3 Re2 59. Rc3 Kf6 60. Rc6+ Re6 61. Rc3 Ke5 62. Rc4 Rd6
63. Rh4 Rd3 64. Kg2 Rd6 65. Kh3 Rd3 66. Kg2 Rd6 67. Kh3 Rd3 68. Kg2  1/2-1/2

[Event "36th Reykjavik op"]
[Site "Reykjavik ISL"]
[Date "2023.04.03"]
[Round "8.129"]
[White "Alfaro Guillen, Jose Raul"]
[Black "Densing, Gerd"]
[WhiteElo "1983"]
[BlackElo "1777"]
[Result "1-0"]
[EventDate "2023.03.29"]
[PlyCount "67"]

1. e4 e6 2. d4 d5 3. Nd2 dxe4 4. Nxe4 Bd7 5. Nf3 Bc6 6. Bd3 Nd7 7. O-O Ngf6 8. Qe2
Nxe4 9. Bxe4 Bxe4 10. Qxe4 c6 11. Re1 Be7 12. c3 Nf6 13. Qc2 O-O 14. b3 Qc7 15. Bb2
c5 16. c4 cxd4 17. Bxd4 Bc5 18. Bc3 Ng4 19. Re2 Qb6 20. h3 Nxf2 21. Rxf2 Bxf2+ 22.
Qxf2 Qxf2+ 23. Kxf2 Rfd8 24. Ke2 f6 25. Rc1 Kf7 26. Bd4 b6 27. b4 Rac8 28. Be3 Rd7
29. Nd4 Rdc7 30. Nb5 Rd7 31. c5 bxc5 32. bxc5 Kg6 33. c6 Rd5 34. Nxa7  1-0

[Event "36th Reykjavik op"]
[Site "Reykjavik ISL"]
[Date "2023.04.03"]
[Round "8.130"]
[White "Moeller, Jared William"]
[Black "Frost, Niklas"]
[WhiteElo "1974"]
[BlackElo "1774"]
[Result "1/2-1/2"]
[EventDate "2023.03.29"]
[PlyCount "65"]

1. d4 d5 2. c4 e6 3. Nf3 c5 4. cxd5 exd5 5. g3 Nc6 6. Bg2 Nf6 7. O-O h6 8. b3 cxd4
9. Nxd4 Bc5 10. Bb2 O-O 11. Nxc6 bxc6 12. Qc2 Qb6 13. Bxf6 gxf6 14. Nc3 Bd6 15. Rad1
Kg7 16. e4 Ba6 17. Rfe1 d4 18. Na4 d3 19. Qxd3 Bxd3 20. Nxb6 axb6 21. Rxd3 Bb4 22.
Rc1 Rfd8 23. Rxd8 Rxd8 24. Rc2 Rd2 25. Rxd2 Bxd2 26. a4 c5 27. Bf1 Bc3 28. Bc4 Bb4
29. f4 Bc3 30. f5 Bb4 31. g4 Bc3 32. Kf2 Bb4 33. Ke3  1/2-1/2

[Event "36th Reykjavik op"]
[Site "Reykjavik ISL"]
[Date "2023.04.03"]
[Round "8.131"]
[White "Brade, Henry"]
[Black "Andriessen, Bart Jan"]
[WhiteElo "1668"]
[BlackElo "1966"]
[Result "0-1"]
[EventDate "2023.03.29"]
[PlyCount "110"]

1. e4 c5 2. Nf3 d6 3. c3 Nf6 4. Be2 g6 5. O-O Bg7 6. Re1 O-O 7. d3 Nc6 8. Bf1 e5
9. Bg5 Qb6 10. Qd2 Bg4 11. Na3 Rfe8 12. Nc4 Qc7 13. Nh4 Nd7 14. Bh6 Bf6 15. Bg5 Bg7
16. h3 Be6 17. Rad1 d5 18. exd5 Bxd5 19. Ne3 Be6 20. c4 h6 21. Nd5 Bxd5 22. cxd5
hxg5 23. dxc6 gxh4 24. cxd7 Qxd7 25. Re4 Qd8 26. Rc1 f5 27. Rec4 b6 28. b4 cxb4 29.
Qxb4 Bf8 30. Qb3 Kg7 31. Be2 Bc5 32. Bf3 Rc8 33. Qa4 a5 34. Kh2 Qd6 35. Kh1 g5 36.
Qc2 Rf8 37. a4 Rcd8 38. Qd2 Kg6 39. d4 exd4 40. Rxc5 bxc5 41. Qxa5 Rc8 42. Rb1 Rf6
43. Rb7 Qa6 44. Qe1 Re6 45. Qd1 Kh6 46. Bd5 Rce8 47. Bxe6 Qxb7 48. Bxf5 Qc7 49. Kg1
c4 50. a5 Qxa5 51. Qxd4 Qe1+ 52. Kh2 Qe5+ 53. Qxe5 Rxe5 54. Bc2 Re2 55. Bd1 Rd2  0-1

[Event "36th Reykjavik op"]
[Site "Reykjavik ISL"]
[Date "2023.04.03"]
[Round "8.132"]
[White "Yeo, Ruizhi Carwyn"]
[Black "Cooper, Malcolm H"]
[WhiteElo "1963"]
[BlackElo "1763"]
[Result "1-0"]
[EventDate "2023.03.29"]
[PlyCount "47"]

1. e4 c5 2. Nf3 Nc6 3. d4 cxd4 4. Nxd4 Nf6 5. Nc3 e5 6. Ndb5 d6 7. Nd5 Nxd5 8. exd5
Nb8 9. c4 Be7 10. Bd3 O-O 11. Be3 a6 12. Nc3 f5 13. g3 Nd7 14. f4 exf4 15. Bxf4 g5
16. Be3 Ne5 17. O-O f4 18. gxf4 Bg4 19. Be2 Nxc4 20. Bxg4 Nxe3 21. Be6+ Rf7 22. Qh5
Qf8 23. fxg5 Nxf1 24. Rxf1  1-0

[Event "36th Reykjavik op"]
[Site "Reykjavik ISL"]
[Date "2023.04.03"]
[Round "8.133"]
[White "Koschetzki, Christian"]
[Black "Hasala, Richard"]
[WhiteElo "1960"]
[BlackElo "1750"]
[Result "0-1"]
[EventDate "2023.03.29"]
[PlyCount "72"]

1. c4 c6 2. Nf3 d5 3. cxd5 cxd5 4. d4 Nf6 5. Nc3 Nc6 6. g3 e6 7. Bg2 Bb4 8. O-O O-O
9. Bf4 Bxc3 10. bxc3 b6 11. Qd3 Bb7 12. Rac1 Ne4 13. Nd2 Nxd2 14. Bxd2 Na5 15. Rfd1
Nc4 16. Be1 Nb2 17. Qc2 Nxd1 18. Rxd1 Rc8 19. Qa4 Bc6 20. Qa3 Bb5 21. e4 Bc4 22.
e5 f6 23. exf6 Qxf6 24. Qb2 Rce8 25. f4 Qg6 26. Bf2 Qg4 27. Re1 h5 28. h4 g5 29.
Re5 Rf5 30. fxg5 Rxe5 31. dxe5 Rf8 32. Qc2 Kg7 33. Qa4 Rf7 34. Qe8 Bd3 35. Bxd5 exd5
36. e6 Qd1+  0-1

[Event "36th Reykjavik op"]
[Site "Reykjavik ISL"]
[Date "2023.04.03"]
[Round "8.134"]
[White "Arndt, Uwe"]
[Black "Opasiak, Dustin Tennessee"]
[WhiteElo "1940"]
[BlackElo "1748"]
[Result "1-0"]
[EventDate "2023.03.29"]
[PlyCount "157"]

1. d4 Nf6 2. c4 c5 3. d5 b5 4. cxb5 a6 5. bxa6 Bxa6 6. Nc3 g6 7. Nf3 Bg7 8. g3 O-O
9. e4 Bxf1 10. Kxf1 d6 11. Kg2 Nbd7 12. Re1 Ng4 13. a4 Qa5 14. Bd2 Qb6 15. h3 Nge5
16. Nxe5 Nxe5 17. Qc2 c4 18. Reb1 Nd3 19. Nd1 Qd4 20. f3 Rfb8 21. Bc3 Nb4 22. Qe2
Qd3 23. Qxd3 Nxd3 24. Bxg7 Kxg7 25. Ra2 Rb3 26. Nf2 Nc5 27. Rc1 Rxa4 28. Rxa4 Nxa4
29. Rxc4 Nxb2 30. Rc7 Kf8 31. Rc8+ Kg7 32. h4 h5 33. Rc2 Na4 34. Rc7 Kf8 35. Rc8+
Kg7 36. Re8 Rb7 37. Kh3 Nc5 38. g4 hxg4+ 39. Kxg4 f6 40. Ra8 Kf7 41. Ra3 Rb2 42.
Nd3 Nxd3 43. Rxd3 Rg2+ 44. Kh3 Rg1 45. Kh2 Re1 46. Kg3 f5 47. exf5 gxf5 48. Kf4 Rh1
49. Kg5 Rh3 50. Re3 Rh1 51. Rd3 Rh3 52. h5 Rh1 53. Rd4 e5 54. Ra4 e4 55. fxe4 fxe4
56. Rxe4 Rg1+ 57. Rg4 Rd1 58. Rf4+ Kg7 59. h6+ Kh7 60. Rf7+ Kg8 61. Rf5 Kh7 62. Kf6
Rh1 63. Ke6 Rxh6+ 64. Rf6 Rh1 65. Kxd6 Kg7 66. Rf2 Rd1 67. Ke6 Re1+ 68. Kd7 Rd1 69.
d6 Rd3 70. Rf4 Rd1 71. Ke7 Re1+ 72. Kd8 Rd1 73. d7 Rd2 74. Ke7 Re2+ 75. Kd6 Rd2+
76. Kc6 Rd1 77. Rf5 Kg6 78. Rd5 Rc1+ 79. Kd6  1-0

[Event "36th Reykjavik op"]
[Site "Reykjavik ISL"]
[Date "2023.04.03"]
[Round "8.135"]
[White "Gudnyjarson, Sigurdur Pall"]
[Black "Kristinsson, Ogmundur"]
[WhiteElo "1664"]
[BlackElo "1937"]
[Result "0-1"]
[EventDate "2023.03.29"]
[PlyCount "64"]

1. d4 e5 2. dxe5 d6 3. Nf3 Nc6 4. Bg5 Qd7 5. exd6 Bxd6 6. e3 f6 7. Bh4 Qf7 8. Bg3
Bg4 9. Bxd6 O-O-O 10. Bd3 Rxd6 11. Nc3 Nge7 12. Qe2 Nb4 13. Nb5 Nxd3+ 14. cxd3 Rd5
15. Nc3 Ra5 16. h3 Bh5 17. Rc1 Nc6 18. d4 Nxd4 19. Qd1 Nxf3+ 20. gxf3 Rd8 21. Qe2
a6 22. e4 f5 23. Qe3 Kb8 24. e5 f4 25. Qe4 Re8 26. Kf1 Raxe5 27. Qxh7 Bxf3 28. Rg1
Qc4+ 29. Qd3 Qxd3+ 30. Ne2 Ka8 31. Rxg7 Rxe2 32. Rgxc7 Re1#  0-1

[Event "36th Reykjavik op"]
[Site "Reykjavik ISL"]
[Date "2023.04.03"]
[Round "8.136"]
[White "Buchert, Matthaus"]
[Black "Ragnarsson, Johann"]
[WhiteElo "1641"]
[BlackElo "1929"]
[Result "0-1"]
[EventDate "2023.03.29"]
[PlyCount "84"]

1. e4 c6 2. d4 d5 3. exd5 cxd5 4. Bd3 Nc6 5. c3 Qc7 6. Ne2 Bg4 7. f3 Bh5 8. Bf4 Qd7
9. O-O e6 10. Qe1 Bg6 11. Bxg6 hxg6 12. Nd2 Bd6 13. Bxd6 Qxd6 14. f4 Nge7 15. Nc1
b5 16. Nd3 b4 17. Nf3 bxc3 18. bxc3 Nf5 19. g4 Nh6 20. Qh4 O-O 21. Nfe5 Rfc8 22.
Nc5 Nxe5 23. fxe5 Qd8 24. Qg3 Qg5 25. h3 Rab8 26. Rab1 Qd2 27. a4 Rb2 28. Rxb2 Qxb2
29. Rf2 Qa3 30. Qd3 Rb8 31. Rc2 Qa1+ 32. Kg2 Rb1 33. Rf2 Rg1+ 34. Kf3 Rh1 35. Kg3
g5 36. Qf3 Kh8 37. a5 Qg1+ 38. Qg2 Qe1 39. Na4 Rg1 40. a6 Qa1 41. Qxg1 Qxg1+ 42.
Kf3 Qd1+  0-1

[Event "36th Reykjavik op"]
[Site "Reykjavik ISL"]
[Date "2023.04.03"]
[Round "8.137"]
[White "Eriksen, Leander"]
[Black "Geyler, Stefan"]
[WhiteElo "1637"]
[BlackElo "1915"]
[Result "1/2-1/2"]
[EventDate "2023.03.29"]
[PlyCount "47"]

1. e4 c5 2. c3 d5 3. exd5 Qxd5 4. d4 g6 5. Nf3 Bg7 6. Be3 cxd4 7. cxd4 Qa5+ 8. Nc3
Nh6 9. Be2 O-O 10. O-O Nf5 11. Rc1 Nc6 12. d5 Nxe3 13. fxe3 Ne5 14. d6 exd6 15. Qxd6
Nxf3+ 16. Bxf3 Qe5 17. Qxe5 Bxe5 18. b3 Rb8 19. Bd5 Be6 20. e4 Rbc8 21. Bxe6 fxe6
22. Rxf8+ Kxf8 23. Ne2 Rxc1+ 24. Nxc1  1/2-1/2

[Event "36th Reykjavik op"]
[Site "Reykjavik ISL"]
[Date "2023.04.03"]
[Round "8.139"]
[White "Gregersen, Einar"]
[Black "Spagnoli, Benjamin"]
[WhiteElo "1894"]
[BlackElo "1744"]
[Result "1-0"]
[EventDate "2023.03.29"]
[PlyCount "93"]

1. e4 d5 2. exd5 Nf6 3. Nf3 Nxd5 4. d4 g6 5. c4 Nb6 6. Nc3 Bg7 7. h3 O-O 8. Be2 Nc6
9. Be3 e5 10. d5 Ne7 11. g4 f5 12. Qb3 f4 13. Bc5 Nd7 14. Ba3 c5 15. dxc6 bxc6 16.
c5+ Kh8 17. Ng5 Qe8 18. Bc4 Rb8 19. Qc2 Nf6 20. Nce4 Nxe4 21. Qxe4 Nd5 22. O-O-O
Qd8 23. Nf3 Qa5 24. Nxe5 Bb7 25. Qe1 Qc7 26. Bxd5 cxd5 27. Nd3 Bc6 28. Qd2 Bb5 29.
Rhe1 Bxd3 30. Qxd3 Qa5 31. Re7 Bf6 32. Re6 Bg7 33. Qxd5 Rbd8 34. Rd6 Rb8 35. Qd2
Qb5 36. b3 Rbc8 37. Kb1 Rxc5 38. Bxc5 Qxc5 39. Rd8 Qe5 40. Rxf8+ Bxf8 41. Qd4 Qxd4
42. Rxd4 g5 43. Rd8 Kg7 44. Rd7+ Kf6 45. Rxa7 Bc5 46. Ra6+ Kf7 47. f3  1-0

[Event "36th Reykjavik op"]
[Site "Reykjavik ISL"]
[Date "2023.04.03"]
[Round "8.140"]
[White "Rempe, Jonas"]
[Black "Tan, Jimmy"]
[WhiteElo "1887"]
[BlackElo "1715"]
[Result "1-0"]
[EventDate "2023.03.29"]
[PlyCount "117"]

1. e4 d5 2. exd5 Nf6 3. Bb5+ Nbd7 4. c4 a6 5. Ba4 b5 6. cxb5 Nxd5 7. Nc3 N5b6 8.
Bc2 Bb7 9. Nf3 g6 10. O-O axb5 11. Nxb5 Ba6 12. Nfd4 Bxb5 13. Nxb5 Bg7 14. Be4 Ra5
15. Bc6 O-O 16. d4 Nb8 17. b4 Ra4 18. Qc2 Rxb4 19. Na3 Rxd4 20. Rb1 Nxc6 21. Qxc6
Rd1 22. Bf4 Rxf1+ 23. Rxf1 e5 24. Be3 Qd7 25. Qxd7 Nxd7 26. Rd1 Nf6 27. Nb5 Rc8 28.
a4 Ng4 29. Bc5 Bf8 30. Bxf8 Kxf8 31. a5 Ra8 32. Ra1 c6 33. Nd6 Ke7 34. Nc4 Ra6 35.
Rb1 Ra7 36. Rb6 Kd7 37. f3 Nh6 38. Nxe5+ Kc7 39. Rxc6+ Kb7 40. Rc5 Ra6 41. Rd5 Re6
42. Nxf7 Nxf7 43. Rd7+ Ka6 44. Rxf7 h6 45. Rh7 g5 46. Kf2 Kxa5 47. Kg3 Kb5 48. Kg4
Re2 49. Kg3 Re6 50. h4 gxh4+ 51. Kxh4 Rg6 52. g4 Kc5 53. f4 Kd5 54. f5 Ra6 55. Kh5
Ke5 56. Rxh6 Ra1 57. Kg5 Rg1 58. Re6+ Kd5 59. Re2  1-0

[Event "36th Reykjavik op"]
[Site "Reykjavik ISL"]
[Date "2023.04.03"]
[Round "8.141"]
[White "Miettinen, Teemu"]
[Black "Hetland, Even"]
[WhiteElo "1884"]
[BlackElo "1680"]
[Result "1-0"]
[EventDate "2023.03.29"]
[PlyCount "115"]

1. e4 c5 2. Nf3 g6 3. d4 cxd4 4. Nxd4 Bg7 5. Nc3 Nc6 6. Be3 Nf6 7. Nb3 O-O 8. Be2
d5 9. exd5 Nb4 10. Bf3 Qc7 11. O-O Rd8 12. Nb5 Qb8 13. c4 a6 14. N5d4 e5 15. dxe6
Bxe6 16. Qe2 Bd7 17. a3 Nc6 18. Nxc6 Bxc6 19. Bxc6 bxc6 20. Na5 Qc7 21. b4 c5 22.
Rab1 Ne4 23. Qc2 Nc3 24. Rb3 cxb4 25. axb4 Nd5 26. Bc5 Nf4 27. Be3 Nd5 28. Bc5 Nf4
29. Rd1 Be5 30. Be3 Nd5 31. Bc5 Nf4 32. g3 Ne6 33. Be3 Rab8 34. Rxd8+ Nxd8 35. Qd2
Ne6 36. Rd3 Qc8 37. c5 Rb5 38. Nc4 Bc7 39. Nd6 Bxd6 40. Rxd6 Qb8 41. Rb6 Rxb6 42.
cxb6 Qd8 43. Qxd8+ Nxd8 44. g4 f6 45. Kg2 Kf7 46. Kf3 Ke6 47. Ke4 Nb7 48. Kd4 Kd6
49. Bf4+ Kc6 50. Bc7 Kb5 51. Kd5 Kxb4 52. Ke6 a5 53. Kxf6 a4 54. Kg7 a3 55. Be5 a2
56. Kxh7 Kc4 57. Kxg6 Nd6 58. h4  1-0

[Event "36th Reykjavik op"]
[Site "Reykjavik ISL"]
[Date "2023.04.03"]
[Round "8.142"]
[White "Lien, Benjamin"]
[Black "Finnsson, Johann Arnar"]
[WhiteElo "1495"]
[BlackElo "1874"]
[Result "1-0"]
[EventDate "2023.03.29"]
[PlyCount "135"]

1. e4 g6 2. d4 Bg7 3. Nc3 d6 4. f4 Nf6 5. Nf3 O-O 6. Be2 c6 7. O-O Nbd7 8. Be3 Ng4
9. Qd2 Nxe3 10. Qxe3 Qb6 11. Na4 Qa5 12. b3 c5 13. c3 cxd4 14. cxd4 b5 15. Nc3 b4
16. Na4 Nb6 17. Nb2 Bd7 18. Nh4 Rac8 19. Nc4 Nxc4 20. bxc4 Qb6 21. Rad1 e5 22. f5
exd4 23. Qd3 Rxc4 24. f6 Bh6 25. Kh1 Rfc8 26. Qg3 Rc3 27. Bd3 Qc5 28. Nf5 Bf8 29.
Qh4 Bxf5 30. exf5 h6 31. Qg4 h5 32. Qh4 Bh6 33. fxg6 fxg6 34. Qe4 Qg5 35. Qxd4 Bf8
36. Rde1 R3c7 37. h4 Qg4 38. Rf4 Qg3 39. Qe4 Qxe1+ 40. Qxe1 Rc1 41. Qxc1 Rxc1+ 42.
Kh2 d5 43. Rd4 Kf7 44. Rxd5 Kxf6 45. Rg5 a5 46. Rxa5 Bd6+ 47. g3 Rc3 48. Be4 Bxg3+
49. Kg2 Bxh4 50. Ra6+ Kg5 51. Rxg6+ Kf4 52. Bd5 Rc2+ 53. Kg1 Bg5 54. Rg8 h4 55. Be6
Re2 56. Bc4 Rb2 57. Be6 Ke5 58. Bb3 Kf4 59. Be6 Rd2 60. Rg7 Bf6 61. Rg2 Rd6 62. Bc8
Bd4+ 63. Kh2 Be5 64. Kg1 Rd1+ 65. Kf2 Rd2+ 66. Kf1 Rd1+ 67. Ke2 Rc1 68. Rg4#  1-0